000 00645nab a2200193 4500
003 BR-BrBNA
005 20251023235814.0
008 251023b bl.||||| |||| 00| 0 por d
040 _aBR-BrBNA
_bpor
072 _aD50 ; K70 ; P01
100 _aÁvila, Viviane
245 _aAgora vai
_bAgroeconomia
500 _a2 illus.
650 _aLEGISLAÇÃO FLORESTAL
650 _aSUSTENTABILIDADE
773 0 _01706
_9347994
_dSão Paulo-SP Editora Três Ltda - E-mail: luizfsa@revistadinheiro.com.br 2004
_o2025-0489
_tDinheiro Rural (Brazil)
_x1807-3700
_gv. 7(85) p. 42-44; (Nov 2011)
_wBR2025004579
942 _cANA
999 _c338799
_d338799